1857 1419 1896 1618 1903 1727 1976 1288 1987 1489 1904 1346 1313 1213 1680 1406 1493 1921 1600 1104 1491 1733 1792 1698 1080 1091 1613 1900 1820 1094 1431 1036 1327 1312 1496 1430 1249 1453 1183 1819 1337 1247 1347 1877 1259 1667 1472 1614 1661 1726 1344 1142 1318 1633 1746 1765 1361 1033 1159 1876 1881 1108 1245 1151 1649 1062 1032 1586 1800 1852 1670 1630 1629 1739 1574 1207 1157 1808 1037 1309 1835 1680 1575 1217 1484 1922 1686 1185 1214 1103 1539 1242 1626 1098 1008 1351 1779 1711 1296 BCNSPRNW ULIB Ver.6.0+V

เปลี่ยนเป็นภาษาไทย

Change to English
 แสดงรายละเอียดบรรณานุกรม
  กลับหน้าหลัก

Brief Record : Get Marc (ISO 2709) : E-mail record : QR code < ปิดหน้าต่าง
LEADER : 00000nam 2200000uu 4500
001    13399125308
003     ULIB
008    170405s2558||||th 000 0 tha d
020    ^a9786164061026
060 04 ^aQV610^bส781
100 0  ^aสุเทพ เรืองวิเศษ
245 10 ^aประเมินความเสี่ยงต่อสุขภาพด้านเคมี =^bChemical Health Risk Assessment /^cสุเทพ เรืองวิเศษ.
246 31 ^aChemical Health Risk Assessment
250    ^aพิมพ์ครั้งที่ 1
260    ^aกรุงเทพฯ :^bภาควิชาสัตวแพทย์สาธาณสุข คณะสัตวแพทยศาสตร์ จุฬาลงกรณ์มหาวิทยาลัย,^c2558
300    ^aix, 501 หน้า :^bภาพประกอบ ;^c26 ซม.
650  7 ^aสุขภาพ^xการประเมินความเสี่ยง
650  7 ^aสารเคมี^xผลกระทบต่อสุขภาพ
650  7 ^aการประเมินความเสี่ยงด้านสุขภาพ
650  7 ^aอาชีวอนามัย^xการประเมินความเสี่ยง
710 2  ^aจุฬาลงกรณ์มหาวิทยาลัย.^bคณะสัตวแพทยศาสตร์.^bภาควิชาสัตวแพทย์สาธารณสุข
856    ^a^zTable of Content (Content)^uhttp://118.174.31.60:80/ULIB//_fulltext/Content/128979/20160323153922_1256.pdf
945    ^p0^l0^i001874
945    ^p0^l0^i001875
945    ^p0^l0^i001876
945    ^p0^l0^i001877
999    ^aวรรณษา ชูชัยมงคล
รายการนี้ยังไม่มีแท็ก
คุณยังไม่ได้ล็อกอิน คุณสามารถมีกิจกรรมร่วมกับเว็บไซต์ได้ แต่ต้องล็อกอินก่อน ::
  ล็อกอิน

รายการสื่อสารสนเทศ

ลำดับที่ ประเภท เลขเรียก/บาร์โค้ด สถานที่ สถานะ
1. วิทยาศาสตร์การแพทย์ และสุขภาพ
วิทยาศาสตร์การแพทย์ และสุขภาพ
สถานะ=หนังสือเก่า
QV610 ส781 ฉ.1 
  Barcode: 001874
ห้องสมุดวิทยาเขตสวรรค์ประชารักษ์
►ส่วนจัดเก็บหนังสือเก่า สปร
บนชั้น
  ขอยืม
2. วิทยาศาสตร์การแพทย์ และสุขภาพ
วิทยาศาสตร์การแพทย์ และสุขภาพ
สถานะ=หนังสือเก่า
QV610 ส781 ฉ.2 
  Barcode: 001875
ห้องสมุดวิทยาเขตสวรรค์ประชารักษ์
►ส่วนจัดเก็บหนังสือเก่า สปร
บนชั้น
  ขอยืม
3. วิทยาศาสตร์การแพทย์ และสุขภาพ
วิทยาศาสตร์การแพทย์ และสุขภาพ
สถานะ=หนังสือเก่า
QV610 ส781 ฉ.3 
  Barcode: 001876
ห้องสมุดวิทยาเขตสวรรค์ประชารักษ์
►ส่วนจัดเก็บหนังสือเก่า สปร
บนชั้น
  ขอยืม
4. วิทยาศาสตร์การแพทย์ และสุขภาพ
วิทยาศาสตร์การแพทย์ และสุขภาพ
สถานะ=หนังสือเก่า
QV610 ส781 ฉ.4 
  Barcode: 001877
ห้องสมุดวิทยาเขตสวรรค์ประชารักษ์
►ส่วนจัดเก็บหนังสือเก่า สปร
บนชั้น
  ขอยืม

รายการใกล้เคียง
    ผู้แต่ง [สุเทพ เรืองวิเศษ]

    หัวเรื่อง [การประเมินความเสี่ยงด้านสุขภาพ]

BibComment


ยังไม่เคยถูกคอมเมนท์

คอมเมนท์ทรัพยากรรายการนี้
  คอมเมนท์: ประเมินความเสี่ย..


 Copyright 2026. Bcnsprnw @Library